Management of Systems (Record no. 2313)

MARC details
000 -LEADER
fixed length control field 00395nam a22001697a 4500
005 - DATE AND TIME OF LATEST TRANSACTION
control field 20160601103921.0
008 - FIXED-LENGTH DATA ELEMENTS--GENERAL INFORMATION
fixed length control field 160601b xxu||||| |||| 00| 0 eng d
020 ## - INTERNATIONAL STANDARD BOOK NUMBER
ISBN 0333-92395-2
041 ## - LANGUAGE CODE
Language code of text/sound track or separate title eng
082 ## - DEWEY DECIMAL CLASSIFICATION NUMBER
Item number 6609
100 ## - MAIN ENTRY--AUTHOR NAME
Personal name Gupta A. K. & Sharma J.K.
245 ## - TITLE STATEMENT
Title Management of Systems
260 ## - PUBLICATION, DISTRIBUTION, ETC. (IMPRINT)
Name of publisher Mac Millan
Year of publication 1997
300 ## - PHYSICAL DESCRIPTION
Number of Pages 547
650 ## - SUBJECT ADDED ENTRY--TOPICAL TERM
Topical Term Management
942 ## - ADDED ENTRY ELEMENTS (KOHA)
Koha item type Books
Holdings
Lost status Damaged status Home library Current library Shelving location Date acquired Cost, normal purchase price Full call number Accession Number Koha item type Collection code
    JRU Library   SHELF - 69 G 01/06/2016 255.00 6609 6609 Books  
    JRU Library JRU Library SHELF-73-N 01/06/2016 255.00 6609 6610 Books MANAGEMENT
    JRU Library JRU Library SHELF-73-N 01/06/2016 255.00 6609 6611 Books MANAGEMENT
    JRU Library JRU Library SHELF-73-N 01/06/2016 255.00 6609 6612 Books MANAGEMENT
    JRU Library JRU Library SHELF-73-N 01/06/2016 255.00 6609 6613 Books MANAGEMENT
    JRU Library JRU Library SHELF-73-N 01/06/2016 255.00 6609 6614 Books MANAGEMENT
    JRU Library JRU Library SHELF-73-N 01/06/2016 255.00 6609 6615 Books MANAGEMENT